000 00530nam a22001937a 4500
003 KOHA_MİRAKIL
005 20250414145420.0
008 250414b tu ||||| |||| 00| 0 tur d
020 _a9786050827743
040 _aTR-AnABB
_btur
_cTR-AnABB
041 _atur
082 _a813.42
_bDUR 2018
100 1 _aDurmaz, A. S.
245 1 0 _aEvrenin kitabı ilma /
_cA. S. Durmaz
260 _aİstanbul :
_bTimaş Yayınları,
_c2018
300 _a559 sayfa ;
_c21 cm
650 0 4 _aTürk edebiyatı, roman
942 _2ddc
_cBK
999 _c8677
_d8677
900 _bGizem YORULMAZ